Marine refrigeration / (Record no. 2423)

000 -LEADER
fixed length control field 00372nam a22001457a 4500
008 - FIXED-LENGTH DATA ELEMENTS--GENERAL INFORMATION
fixed length control field 200229b ||||| |||| 00| 0 eng d
041 0# - LANGUAGE CODE
Language code of text/sound track or separate title eng
082 00 - DEWEY DECIMAL CLASSIFICATION NUMBER
Classification number 623.8535
Item number M9714
100 ## - MAIN ENTRY--PERSONAL NAME
9 (RLIN) 890
Personal name Munton, R.
245 10 - TITLE STATEMENT
Title Marine refrigeration /
260 ## - PUBLICATION, DISTRIBUTION, ETC. (IMPRINT)
Place of publication, distribution, etc London :
Name of publisher, distributor, etc Modern refrigeration,
Date of publication, distribution, etc .
300 ## - PHYSICAL DESCRIPTION
Extent 90 p.
650 #0 - SUBJECT ADDED ENTRY--TOPICAL TERM
Topical term or geographic name as entry element Marine Refrigeration
942 ## - ADDED ENTRY ELEMENTS (KOHA)
Item type Books
Holdings
Withdrawn status Lost status Source of classification or shelving scheme Damaged status Not for loan Permanent location Current location Date acquired Source of acquisition Full call number Barcode Date last seen Koha item type
          IMU Kolkata IMU Kolkata 1954-03-10 A. H. Wheeler 623.8535 M9714 01978 2020-02-29 Books
  Lost       IMU Kolkata IMU Kolkata 1954-03-10 A. H. Wheeler 623.8535 M9714 01979 2020-07-30 Books
Designed and Maintained by IMU-KC Library, Kolkata Campus © Copyright All Rights Reserved

webs counters

Powered by Koha